| Поле | Инд. | ПП | Название | Значение |
|---|---|---|---|---|
| Тип записи | a | |||
| Библиографический уровень | m | |||
| 001 | Контрольный номер | RU/IS/BASE/343148174 | ||
| 005 | Дата корректировки | 20140703192459.3 | ||
| 040 | a | Служба первич. каталог. | НБ ТвГУ | |
| b | Код языка каталог. | rus | ||
| e | Правила каталог. | PSBO | ||
| 041 | 0_ | a | Код языка текста | rus |
| 080 | a | Индекс УДК | 316.42(043.3) | |
| 080 | a | Индекс УДК | 1(470)(091)"18/19"(043.3) | |
| 084 | a | Индекс другой классификации/Индекс ББК | С033.145.2я031 | |
| 084 | a | Индекс другой классификации/Индекс ББК | С032я031 | |
| 084 | a | Индекс другой классификации/Индекс ББК | Ю3(2)6я031 | |
| 090 | a | Полочн. индекс | С033.1 | |
| x | Авторский знак | С 14 | ||
| 100 | 1_ | a | Автор | Садриева Альбина Маратовна |
| q | Полное имя | Садриева А. М. | ||
| 245 | 10 | a | Заглавие | Национальное и интернациональное в социальном развитии (отечественная философия истории конца XIX - начала XX вв. о цивилизационных путях России) |
| b | Продолж. заглавия | дис. ... канд. филос. наук : 09.00.03 ; 09.00.11 | ||
| c | Ответственность | Камская инж.-экон. акад. | ||
| 260 | a | Место издания | Набережные Челны | |
| b | Издательство | б. и. | ||
| c | Дата издания | 2010 | ||
| 300 | a | Объем | 141 с. | |
| 500 | a | Примечание | На правах рукоп. | |
| 502 | a | Примечание о диссертации | Дис.(канд.) - Камская инженерно-академическая академия, 2010 | |
| 504 | a | Библиография | Библиогр.: с. 134-141 (128 назв.) и в подстроч. примеч. | |
| 653 | a | Ключевые слова | 19 в. | |
| a | Ключевые слова | 20 в. | ||
| a | Ключевые слова | Диссертации | ||
| a | Ключевые слова | Интернациональное в социальном развитии | ||
| a | Ключевые слова | Историология | ||
| a | Ключевые слова | Исторический процесс | ||
| a | Ключевые слова | История философии | ||
| a | Ключевые слова | Национальное в социальном развитии | ||
| a | Ключевые слова | Российская цивилизация | ||
| a | Ключевые слова | Русская философия | ||
| a | Ключевые слова | Социальная модернизация | ||
| a | Ключевые слова | Социальная философия | ||
| a | Ключевые слова | Социальное развитие России | ||
| a | Ключевые слова | Социоисторические инварианты | ||
| a | Ключевые слова | Философия | ||
| 920 | a | Оператор | Густ | |
| 930 | a | Новая/Ретро | диссертации | |
| 952 | c | Вид литературы | Дис н | |
| 954 | a | Дата поступления на обработку | 20101116 |